[Event "1.Spand. W-Open 2015"]
[Site "Berlin"]
[Date "2015.12.27"]
[Round "2.9"]
[White "Warnke, Klaus"]
[Black "Schulz, Michael"]
[Result "0-1"]
[WhiteElo "1700"]
[BlackElo "2180"]
[PlyCount "88"]
[EventDate "2015.??.??"]
[WhiteTeam "Ohtmisser SV"]
[BlackTeam "SC Empor Potsdam 1952 e.V."]

1. c4 e5 2. g3 Nf6 3. Bg2 d5 4. cxd5 Nxd5 5. Nc3 Nb6 6. d3 Nc6 7. Bd2 Be7 8.
Bxc6+ bxc6 9. Nf3 f6 10. Qb3 Bg4 11. Rc1 Bxf3 12. exf3 Qxd3 13. Be3 Qc4 14.
Qxc4 Nxc4 15. b3 Nxe3 16. fxe3 O-O-O 17. Ke2 Bb4 18. Nb1 Kb7 19. Rc4 Ba5 20.
Rhc1 Rd6 21. b4 Bb6 22. a4 a6 23. a5 Ba7 24. Nd2 f5 25. R4c3 Rh6 26. h4 Re8 27.
Nf1 Ree6 28. Rc4 Rd6 29. R1c2 Rhe6 30. Nd2 Rh6 31. Nf1 Rde6 32. Kd3 Re7 33. Ke2
Rd6 34. Nd2 Red7 35. R4c3 Rg6 36. Nf1 f4 37. g4 fxe3 38. Nxe3 e4 39. Nf5 exf3+
40. Kxf3 Rf6 41. Ke4 g6 42. Ng3 Re7+ 43. Kd3 Rf4 44. Ne2 Rd7+ 0-1

[Event "1.Spand. W-Open 2015"]
[Site "Berlin"]
[Date "2015.12.27"]
[Round "1.17"]
[White "Zschäbitz, Klaus"]
[Black "Krause, Marc"]
[Result "1-0"]
[WhiteElo "2061"]
[BlackElo "1577"]
[PlyCount "63"]
[EventDate "2015.??.??"]
[WhiteTeam "BSG 1827 Eckbauer e.V."]
[BlackTeam "SC Empor Potsdam 1952 e.V."]

1. Nf3 Nf6 2. g3 d5 3. Bg2 g6 4. c4 c6 5. b3 Bg7 6. Bb2 O-O 7. O-O Nbd7 8. cxd5
cxd5 9. d4 Nb6 10. Nc3 Bf5 11. Nh4 Qd7 12. Nxf5 Qxf5 13. e3 Rac8 14. Rc1 Rfd8
15. Qf3 Qxf3 16. Bxf3 e6 17. a4 Bf8 18. Na2 Bd6 19. Rxc8 Rxc8 20. Nc1 Rc2 21.
Nd3 Ne4 22. Kg2 Rd2 23. Rd1 Rxd1 24. Bxd1 a6 25. f3 Nf6 26. Nc5 Bxc5 27. dxc5
Nbd7 28. b4 Ne8 29. e4 Nc7 30. a5 f5 31. Ba4 Nf8 32. Be5 1-0

[Event "1.Spand. W-Open 2015"]
[Site "Berlin"]
[Date "2015.12.28"]
[Round "3.6"]
[White "Zschäbitz, Klaus"]
[Black "Rietze, Clemens"]
[Result "0-1"]
[WhiteElo "2061"]
[BlackElo "2302"]
[PlyCount "74"]
[EventDate "2015.??.??"]
[WhiteTeam "BSG 1827 Eckbauer e.V."]
[BlackTeam "SC Rotation Pankow e.V."]

1. c4 f5 2. g3 Nf6 3. Bg2 g6 4. Nc3 Bg7 5. d3 d6 6. e4 O-O 7. Nge2 fxe4 8. dxe4
c5 9. O-O Nc6 10. Rb1 a6 11. a3 Be6 12. b3 Rb8 13. Nf4 Bg4 14. f3 Bd7 15. Nce2
b5 16. cxb5 axb5 17. Bb2 Qe8 18. Nd5 Qf7 19. Nxf6+ Bxf6 20. Bxf6 Qxf6 21. f4 e5
22. Qd5+ Qe6 23. Rbd1 Nd4 24. Nxd4 Qxd5 25. exd5 exd4 26. Rfe1 Bg4 27. Rd2 Rfe8
28. Rxe8+ Rxe8 29. h3 Bd7 30. Bf1 Re3 31. Rd3 Re1 32. Kf2 Ra1 33. b4 Ra2+ 34.
Ke1 Bf5 35. Rd2 Ra1+ 36. Kf2 c4 37. g4 c3 0-1

[Event "1.Spand. W-Open 2015"]
[Site "Berlin"]
[Date "2015.12.29"]
[Round "5.10"]
[White "Baumgardt, Uwe"]
[Black "Güssow, Pascal"]
[Result "1-0"]
[WhiteElo "2165"]
[BlackElo "1838"]
[PlyCount "115"]
[EventDate "2015.??.??"]
[WhiteTeam "SC Zitadelle Spandau 1977 e.V."]
[BlackTeam "Schachclub Rathenow e.V."]

1. e4 c5 2. Nf3 d6 3. c3 Nf6 4. Be2 g6 5. O-O Bg7 6. Re1 O-O 7. Bf1 Nc6 8. h3
a6 9. d4 Nd7 10. a4 b6 11. d5 Nce5 12. Nfd2 Nf6 13. f4 Ned7 14. Nf3 Bb7 15. c4
Qc7 16. Nc3 e6 17. Qc2 exd5 18. exd5 Rae8 19. Bd2 Qd8 20. a5 Rxe1 21. Rxe1 bxa5
22. Qa4 h6 23. Bd3 Re8 24. Rxe8+ Nxe8 25. Nd1 Ndf6 26. Qxa5 Qxa5 27. Bxa5 Nh5
28. Bd2 Bc8 29. g4 Nhf6 30. Kg2 Nd7 31. Bc3 Nb6 32. Ba5 Na4 33. b3 Nb2 34. Nxb2
Bxb2 35. Kg3 Kg7 36. Nd2 Bd4 37. Ne4 f5 38. Nd2 Nf6 39. g5 hxg5 40. fxg5 Ne8
41. Nf3 Be3 42. h4 Kf7 43. Ne1 Bd4 44. Ng2 Ng7 45. Nf4 Be5 46. Be2 Ke7 47. Bd2
Kf7 48. Kg2 Bd7 49. Kh3 Bc8 50. h5 gxh5 51. Kh4 Bd7 52. Bxh5+ Nxh5 53. Kxh5 Bg7
54. b4 cxb4 55. Bxb4 Bf8 56. Bd2 Bg7 57. g6+ Ke7 58. Kg5 1-0

[Event "1.Spand. W-Open 2015"]
[Site "Berlin"]
[Date "2015.12.29"]
[Round "5.8"]
[White "Buttkus, Andre"]
[Black "Francke, Jörg"]
[Result "1-0"]
[WhiteElo "2015"]
[BlackElo "1985"]
[PlyCount "63"]
[EventDate "2015.??.??"]
[WhiteTeam "SK Tempelhof 1931 e.V."]
[BlackTeam "SC Weisse Dame e.V."]

1. d4 f5 2. Bf4 Nf6 3. e3 b6 4. h3 Bb7 5. Nf3 e6 6. g4 Nd5 7. Bh2 fxg4 8. hxg4
Na6 9. Nbd2 Qe7 10. c3 O-O-O 11. Qa4 Nb8 12. Qxa7 Nc6 13. Qa4 Kb8 14. O-O-O Na5
15. Be2 g5 16. Be5 Bg7 17. Qc2 d6 18. Bxg7 Qxg7 19. Rh2 Nf6 20. Rg1 Nc6 21. a3
h5 22. Ne1 e5 23. Nd3 e4 24. Nb4 Na5 25. Nc4 Nxc4 26. Bxc4 c5 27. dxc5 bxc5 28.
Na6+ Ka7 29. Qa4 Bxa6 30. Qxa6+ Kb8 31. Be6 Rhe8 32. Bf5 1-0

[Event "1.Spand. W-Open 2015"]
[Site "Berlin"]
[Date "2015.12.29"]
[Round "5.19"]
[White "Kostanyan, Hakob"]
[Black "Kraus, Tanja"]
[Result "1/2-1/2"]
[WhiteElo "1621"]
[BlackElo "1901"]
[PlyCount "94"]
[EventDate "2015.??.??"]
[WhiteTeam "SC Weisse Dame e.V."]
[BlackTeam "Schachverein Wattenscheid 1930"]

1. e4 Nf6 2. e5 Nd5 3. d4 d6 4. c4 Nb6 5. exd6 exd6 6. Nf3 Be7 7. Nbd2 O-O 8.
Bd3 Nc6 9. Qc2 f5 10. Nb3 Nb4 11. Qb1 Nxd3+ 12. Qxd3 Be6 13. d5 Bd7 14. O-O c5
15. Re1 Rf7 16. Bd2 f4 17. Ba5 Bf5 18. Qe2 g5 19. Nfd2 Qf8 20. f3 Nd7 21. Bc3
Qh6 22. Ne4 Qg6 23. Nc1 g4 24. Bd2 gxf3 25. Qxf3 Bg4 26. Qf1 f3 27. Nf2 Raf8
28. g3 Ne5 29. Bc3 Bf6 30. Bxe5 Bxe5 31. Re4 Bf5 32. Re3 Bd7 33. Rxe5 dxe5 34.
Ncd3 Qg7 35. Nxc5 b6 36. Nce4 Qg6 37. Re1 h5 38. h3 Bf5 39. Kh2 Qh6 40. Qd3 h4
41. Rg1 Kh8 42. d6 hxg3+ 43. Rxg3 Qf4 44. Qxf3 Qxf3 45. Rxf3 Be6 46. Rxf7 Rxf7
47. Nd3 Rf3 1/2-1/2

[Event "1.Spand. W-Open 2015"]
[Site "Berlin"]
[Date "2015.12.29"]
[Round "5.6"]
[White "Kötz, Andreas"]
[Black "Giese, Reinhard"]
[Result "1/2-1/2"]
[WhiteElo "2012"]
[BlackElo "2141"]
[PlyCount "73"]
[EventDate "2015.??.??"]
[WhiteTeam "SC Zitadelle Spandau 1977 e.V."]
[BlackTeam "SC Zitadelle Spandau 1977 e.V."]

1. d4 Nf6 2. c4 g6 3. Nc3 Bg7 4. e4 d6 5. Nf3 O-O 6. Be2 e5 7. O-O Na6 8. Be3
Ng4 9. Bg5 Qe8 10. h3 h6 11. Bc1 exd4 12. Nxd4 Nf6 13. Bf3 Nc5 14. Re1 a5 15.
Bf4 Nfd7 16. Ndb5 Qd8 17. Nxc7 Qxc7 18. Bxd6 Qb6 19. Bxf8 Kxf8 20. Rb1 Ne5 21.
Nd5 Qd8 22. Qe2 Qh4 23. Qe3 Ne6 24. Be2 Nd4 25. Rbd1 Nc2 26. Qc5+ Kg8 27. Ne7+
Kh7 28. Nxc8 Nxe1 29. Rxe1 Nc6 30. g3 Qxh3 31. Nb6 Bd4 32. Qd6 Bxb6 33. c5 Rd8
34. Qf6 Bxc5 35. Qxf7+ Kh8 36. Qf6+ Kh7 37. Qf7+ 1/2-1/2

[Event "1.Spand. W-Open 2015"]
[Site "Berlin"]
[Date "2015.12.29"]
[Round "5.15"]
[White "Nürnberger, Thomas"]
[Black "Sidabras, Ignas"]
[Result "1-0"]
[WhiteElo "1987"]
[BlackElo "1732"]
[PlyCount "120"]
[EventDate "2015.??.??"]
[WhiteTeam "TSG Markkleeberg"]
[BlackTeam "Litauen"]
[BlackTeamCountry "LTU"]

1. c4 f5 2. Nc3 Nf6 3. g3 g6 4. Bg2 Bg7 5. d3 Nc6 6. e4 d6 7. Nge2 O-O 8. O-O
e5 9. h3 Be6 10. Kh2 Qd7 11. b3 Kh8 12. Be3 Nh5 13. f4 Nf6 14. Qd2 a5 15. Rad1
Rad8 16. exf5 Bxf5 17. d4 exf4 18. Bxf4 Rde8 19. g4 Ne4 20. Nxe4 Bxe4 21. d5
Nb4 22. Nd4 Bd3 23. Ne6 Bxf1 24. Nxf8 Rxf8 25. Rxf1 Rxf4 26. Rxf4 Be5 27. Kg1
Bxf4 28. Qxf4 Qg7 29. a3 Nc2 30. Be4 Nd4 31. Kg2 Nxb3 32. h4 Nc5 33. Bf3 Kg8
34. g5 Nd3 35. Qd4 Ne1+ 36. Kf2 Nxf3 37. Kxf3 Kf7 38. Kg3 b6 39. Qe4 Kf8 40. h5
gxh5 41. Kh4 Qg6 42. Qf4+ Kg8 43. Qe3 Qf7 44. Qe4 Kf8 45. Qd4 Qf5 46. Kxh5 Kf7
47. Qe3 Qe5 48. Qf3+ Kg7 49. Kg4 Qd4+ 50. Kh5 Kg8 51. Qe2 Qf4 52. Qe6+ Kg7 53.
Qh6+ Kg8 54. Qe6+ Kg7 55. Qh6+ Kg8 56. Qe6+ Qf7+ 57. Kh6 Qxe6+ 58. dxe6 b5 59.
cxb5 d5 60. e7 d4 1-0

[Event "1.Spand. W-Open 2015"]
[Site "Berlin"]
[Date "2015.12.29"]
[Round "5.3"]
[White "Ahmadinia, Ebrahim"]
[Black "Ackermann, Hans Werner"]
[Result "0-1"]
[WhiteElo "2364"]
[BlackElo "2305"]
[PlyCount "154"]
[EventDate "2015.??.??"]
[WhiteTeam "Iran"]
[BlackTeam "SSC Rostock 07"]
[WhiteTeamCountry "IRI"]

1. e4 d6 2. d4 Nf6 3. Nc3 Nbd7 4. Nge2 e5 5. g3 Be7 6. Bg2 c6 7. a4 a5 8. O-O
O-O 9. h3 Re8 10. Be3 exd4 11. Bxd4 Nb6 12. Nf4 Bf8 13. b3 g6 14. Qd2 Nbd7 15.
Rad1 Qe7 16. Rfe1 Ne5 17. Nd3 Nh5 18. g4 Nxd3 19. cxd3 Ng7 20. Be3 Be6 21. Rb1
Qd8 22. Ne2 d5 23. Nd4 Bb4 24. Qc2 dxe4 25. Red1 exd3 26. Rxd3 Qc8 27. Rbd1 h5
28. Nxe6 Qxe6 29. Bf3 hxg4 30. hxg4 Qf6 31. Kg2 Ne6 32. Rd7 Re7 33. Rxe7 Qxe7
34. Qb2 Bc5 35. Rh1 f6 36. Qc2 Bxe3 37. Qxg6+ Qg7 38. Qxg7+ Kxg7 39. fxe3 Nc5
40. Rb1 Rd8 41. Be2 Rd2 42. Kf3 Nd7 43. Bc4 Nc5 44. Kf4 Rf2+ 45. Kg3 Ne4+ 46.
Kh3 Rf3+ 47. Kh2 Rxe3 48. Rd1 Kh6 49. Rd7 Nc5 50. Rf7 Kg6 51. Rc7 Rc3 52. Bg8
Kg5 53. Rg7+ Kf4 54. Rf7 Kxg4 55. Rxf6 Nxb3 56. Be6+ Kg5 57. Rf7 Nc5 58. Bc8 b6
59. Rc7 Ne4 60. Bb7 Rc2+ 61. Kg1 Kf4 62. Bxc6 Ke3 63. Kh1 Rc5 64. Kg2 Rg5+ 65.
Kh3 Rc5 66. Kg2 Nc3 67. Re7+ Kd3 68. Be8 Rc4 69. Rb7 Nxa4 70. Kf3 Rb4 71. Bxa4
Rxa4 72. Rxb6 Rb4 73. Rd6+ Kc2 74. Ke3 a4 75. Rh6 a3 76. Rh2+ Kc3 77. Rg2 Ra4
0-1

[Event "1.Spand. W-Open 2015"]
[Site "Berlin"]
[Date "2015.12.29"]
[Round "5.13"]
[White "Zschäbitz, Klaus"]
[Black "Tiarks, Jann-Christian"]
[Result "1/2-1/2"]
[WhiteElo "2061"]
[BlackElo "1836"]
[PlyCount "138"]
[EventDate "2015.??.??"]
[WhiteTeam "BSG 1827 Eckbauer e.V."]
[BlackTeam "SC Empor Potsdam 1952 e.V."]

1. Nf3 d5 2. g3 Nf6 3. Bg2 c6 4. O-O Bg4 5. Ne5 Bh5 6. c4 e6 7. Nc3 Nbd7 8. d4
Nxe5 9. dxe5 Nd7 10. cxd5 exd5 11. f4 Bc5+ 12. Kh1 O-O 13. Na4 Bb4 14. a3 Ba5
15. Be3 Re8 16. b4 Bc7 17. Bh3 Nxe5 18. fxe5 Bxe5 19. Ra2 Bxg3 20. Bg1 Bd6 21.
Bg2 Qh4 22. Qd3 Bg6 23. Qd2 Re5 24. Bf2 Qe7 25. Bg3 Rh5 26. Bxd6 Qxd6 27. Qf4
Qe7 28. Bf3 Rh6 29. Nc5 Re8 30. Nd3 Be4 31. Nf2 Rf6 32. Qg3 Qe6 33. Rd2 Bxf3+
34. exf3 h5 35. Nd3 Qe3 36. Qf2 Qxf2 37. Rfxf2 Re3 38. Kg2 g5 39. a4 Kg7 40.
Nc5 b6 41. Nd3 Kf8 42. Nc1 Ke7 43. Rde2 Rfe6 44. Rxe3 Rxe3 45. Re2 Rxe2+ 46.
Nxe2 c5 47. b5 Kd6 48. Kf2 d4 49. Ng3 Kd5 50. Nxh5 Kc4 51. Ng3 Kb3 52. Ne4 c4
53. Nd2+ Kb4 54. Ke2 f5 55. Kd1 c3 56. f4 g4 57. Nf1 d3 58. Ne3 Kxa4 59. Nxf5
Kxb5 60. Ne3 Kc5 61. f5 Kd6 62. Nxg4 Ke7 63. Ne5 d2 64. Nc4 b5 65. Ne3 Kd6 66.
f6 Ke6 67. Nd5 b4 68. Nxb4 Kxf6 69. Nd5+ Kg5 1/2-1/2

[Event "1.Spand. W-Open 2015"]
[Site "Berlin"]
[Date "2016.01.01"]
[Round "7.1"]
[White "Odnorozhenko, Evgenyi"]
[Black "Ackermann, Hans Werner"]
[Result "1/2-1/2"]
[WhiteElo "2302"]
[BlackElo "2305"]
[PlyCount "23"]
[EventDate "2015.??.??"]
[WhiteTeam "Ukraine"]
[BlackTeam "SSC Rostock 07"]
[WhiteTeamCountry "UKR"]

1. d4 Nf6 2. Nf3 e6 3. e3 b6 4. c4 Bb4+ 5. Nbd2 O-O 6. Bd3 d5 7. a3 Bxd2+ 8.
Bxd2 Bb7 9. O-O Nbd7 10. Rc1 c5 11. cxd5 Bxd5 12. Qe2 1/2-1/2

[Event "1.Spand. W-Open 2015"]
[Site "Berlin"]
[Date "2015.12.27"]
[Round "2.14"]
[White "Giese, Reinhard"]
[Black "Sulayev, Daniel"]
[Result "1-0"]
[WhiteElo "2141"]
[BlackElo "1767"]
[PlyCount "47"]
[EventDate "2015.??.??"]
[WhiteTeam "SC Zitadelle Spandau 1977 e.V."]
[BlackTeam "Schachpinguine Berlin e.V."]

1. d4 Nf6 2. c4 c5 3. d5 b5 4. a4 b4 5. Qc2 g6 6. e4 d6 7. f4 Bg7 8. Be2 O-O 9.
Nf3 e6 10. dxe6 Bxe6 11. O-O Nc6 12. Nbd2 Ng4 13. Nb3 f5 14. h3 Nf6 15. Ng5 Bc8
16. Bd3 fxe4 17. Bxe4 Nxe4 18. Qxe4 Qc7 19. Be3 Bf5 20. Qd5+ Kh8 21. g4 Ne7 22.
Qd2 Bc8 23. Rad1 Rd8 24. Nf7+ 1-0

[Event "1.Spand. W-Open 2015"]
[Site "Berlin"]
[Date "2015.12.27"]
[Round "2.15"]
[White "Bielick, Jakob"]
[Black "Odnorozhenko, Kateryna"]
[Result "0-1"]
[WhiteElo "1823"]
[BlackElo "2125"]
[PlyCount "45"]
[EventDate "2015.??.??"]
[WhiteTeam "SV Rochade Potsdam-West e.V."]
[BlackTeam "Ukraine"]
[BlackTeamCountry "UKR"]

1. e4 e5 2. Nf3 Nc6 3. Bc4 Nf6 4. d4 exd4 5. O-O Nxe4 6. Re1 d5 7. Bxd5 Qxd5 8.
Nc3 Qh5 9. Nxe4 Be7 10. Ng3 Qd5 11. h3 Be6 12. Bf4 O-O-O 13. Ne5 g5 14. Nxc6
Qxc6 15. Be5 Rhg8 16. Ne2 g4 17. h4 Bxh4 18. Nxd4 Qb6 19. b4 f6 20. Bxc7 Qxd4
21. Bxd8 Qxf2+ 22. Kh1 Rxd8 23. Qe2 0-1

[Event "1.Spand. W-Open 2015"]
[Site "Berlin"]
[Date "2015.12.27"]
[Round "2.16"]
[White "Bachmann, Volker"]
[Black "Hoffbauer, Jörg"]
[Result "1-0"]
[WhiteElo "2095"]
[BlackElo "1745"]
[PlyCount "63"]
[EventDate "2015.??.??"]
[WhiteTeam "SC Empor Potsdam 1952 e.V."]
[BlackTeam "Bund(Betriebsschach)"]

1. d4 e6 2. c4 Nf6 3. Nc3 b6 4. e4 Bb7 5. d5 Bb4 6. Bd3 exd5 7. exd5 Qe7+ 8.
Nge2 b5 9. O-O bxc4 10. Bxc4 O-O 11. Bg5 Qc5 12. Qd3 Ng4 13. Ne4 Qb6 14. Bf4
Be7 15. Qb3 Nf6 16. Nxf6+ Bxf6 17. Bxc7 Qc5 18. Rac1 Bxb2 19. Bd6 Qc8 20. Bxf8
Kxf8 21. Rc2 Bf6 22. Bb5 Qd8 23. Rfc1 d6 24. Qh3 Nd7 25. Rc7 Bc8 26. Qxh7 g6
27. f4 Bg7 28. f5 Nc5 29. R1xc5 dxc5 30. d6 Bd7 31. Nf4 Qe8 32. Nxg6+ 1-0

[Event "1.Spand. W-Open 2015"]
[Site "Berlin"]
[Date "2015.12.27"]
[Round "2.17"]
[White "Frontzek, Bjoern"]
[Black "Zschäbitz, Klaus"]
[Result "0-1"]
[WhiteElo "1737"]
[BlackElo "2061"]
[PlyCount "68"]
[EventDate "2015.??.??"]
[WhiteTeam "Königsspr. SC.1984 e.V."]
[BlackTeam "BSG 1827 Eckbauer e.V."]

1. e4 e6 2. d4 d5 3. Nd2 a6 4. Ngf3 c5 5. c3 Nc6 6. Bd3 cxd4 7. cxd4 Nf6 8. e5
Nd7 9. O-O Be7 10. Nb1 O-O 11. Nc3 f6 12. exf6 Nxf6 13. Bg5 Bd7 14. Re1 h6 15.
Bh4 Nh5 16. Bxe7 Nxe7 17. Ne5 Be8 18. Qg4 Nf4 19. Bc2 Bh5 20. Qg3 Rf6 21. Ng4
Bxg4 22. Qxg4 Qd6 23. g3 Nfg6 24. f4 Qb6 25. Kh1 Nf8 26. Na4 Qxd4 27. Rad1 Qa7
28. b4 b6 29. f5 Nxf5 30. Bxf5 Rxf5 31. Qd4 Rb8 32. Re5 Qf7 33. Rxf5 Qxf5 34.
Nxb6 Rxb6 0-1

[Event "1.Spand. W-Open 2015"]
[Site "Berlin"]
[Date "2015.12.27"]
[Round "2.18"]
[White "Al Hassan, Jomaa"]
[Black "Knape, Albert"]
[Result "1-0"]
[WhiteElo "2033"]
[BlackElo "1356"]
[PlyCount "57"]
[EventDate "2015.??.??"]
[WhiteTeam "Syrien"]
[BlackTeam "SC Empor Potsdam 1952 e.V."]
[WhiteTeamCountry "SYR"]

1. d4 Nf6 2. c4 e6 3. Nc3 Bb4 4. Nf3 Ne4 5. Qc2 d5 6. e3 c6 7. Bd3 f5 8. O-O g5
9. Ne5 Nd7 10. f3 Nxe5 11. dxe5 Nxc3 12. bxc3 Bc5 13. Kh1 Qc7 14. f4 g4 15.
cxd5 cxd5 16. c4 dxc4 17. Bxc4 b6 18. Qb3 Kf7 19. e4 fxe4 20. f5 Qxe5 21. fxe6+
Kg6 22. Bf4 Qg7 23. Bd5 Ba6 24. Bxe4+ Kf6 25. Qc3+ Kxe6 26. Qxg7 Bxf1 27. Qxg4+
Ke7 28. Bg5+ Kd6 29. Rd1+ 1-0

[Event "1.Spand. W-Open 2015"]
[Site "Berlin"]
[Date "2015.12.27"]
[Round "2.19"]
[White "Eifler, Stephan"]
[Black "Buttkus, Andre"]
[Result "0-1"]
[WhiteElo "1734"]
[BlackElo "2015"]
[PlyCount "44"]
[EventDate "2015.??.??"]
[WhiteTeam "SV Rochade Potsdam-West e.V."]
[BlackTeam "SK Tempelhof 1931 e.V."]

1. c4 c5 2. g3 e6 3. Bg2 d5 4. cxd5 exd5 5. Nf3 d4 6. d3 Nc6 7. O-O Nf6 8. Bg5
h6 9. Bf4 Nd5 10. Bd2 Be6 11. Na3 Be7 12. Nc4 Bf6 13. Qa4 O-O 14. Qb5 Qe7 15.
Rac1 a6 16. Qb3 b5 17. Nce5 Nxe5 18. Nxe5 Ne3 19. Nc6 Qd6 20. Qa3 Nxf1 21. Kxf1
Bd5 22. Bxd5 Qxd5 0-1

[Event "1.Spand. W-Open 2015"]
[Site "?"]
[Date "2015.12.27"]
[Round "2.35"]
[White "Gericke, Luis"]
[Black "Konstanyan, Hakob"]
[Result "0-1"]
[WhiteElo "1377"]
[BlackElo "1621"]
[PlyCount "114"]
[EventDate "2015.??.??"]

1. e4 c5 2. Nf3 d6 3. d4 cxd4 4. Nxd4 Nf6 5. Nc3 a6 6. Be2 e6 7. Be3 Nbd7 8.
O-O Be7 9. f4 Qc7 10. f5 Nc5 11. Bf3 O-O 12. Qd2 e5 13. Nb3 Ncd7 14. Qf2 b5 15.
a3 Bb7 16. Qg3 Kh8 17. Rad1 Nb6 18. Bxb6 Qxb6+ 19. Qf2 Qc7 20. Rd3 Bc6 21. Nd5
Nxd5 22. exd5 Bd7 23. Be4 Qc4 24. Qe2 Rfc8 25. Re1 Qxc2 26. Qh5 Qc7 27. f6 g6
28. Qh4 Bf8 29. g4 h6 30. Rh3 Kh7 31. Ree3 a5 32. Kg2 Qc4 33. Nd2 Qd4 34. Re2
Qxb2 35. Rb3 Qd4 36. Nf3 Qd1 37. Rbe3 b4 38. Rd2 Qc1 39. axb4 axb4 40. g5 Ra1
41. Re1 Qa3 42. gxh6 Be8 43. Ng5+ Kh8 44. Rxa1 Qxa1 45. Ne6 Rc1 46. Nxf8 Rg1+
47. Kh3 g5 48. Qh5 g4+ 49. Qxg4 Rxg4 50. Kxg4 Qc1 51. Rg2 Qxh6 52. Nh7 Bd7+ 53.
Kf3 Qf4+ 54. Ke2 Qxe4+ 55. Kf2 Qxg2+ 56. Kxg2 Kxh7 57. Kg3 b3 0-1

[Event "1.Spand. W-Open 2015"]
[Site "Berlin"]
[Date "2015.12.30"]
[Round "7.7"]
[White "Riedel, Hartmut"]
[Black "Oelmann, Henry"]
[Result "1/2-1/2"]
[WhiteElo "2177"]
[BlackElo "2002"]
[PlyCount "77"]
[EventDate "2015.??.??"]
[WhiteTeam "SC Zitadelle Spandau 1977 e.V."]
[BlackTeam "Schachclub Oranienburg e.V."]

1. d4 Nf6 2. c4 e6 3. Nc3 Bb4 4. e3 O-O 5. Nge2 b6 6. a3 Be7 7. e4 d6 8. Ng3
Nbd7 9. Bd3 c5 10. d5 Ne5 11. Be2 Ng6 12. f4 exd5 13. cxd5 Ne8 14. O-O f5 15.
Nxf5 Bxf5 16. exf5 Rxf5 17. Bd3 Rf7 18. Bxg6 hxg6 19. Qg4 Bf6 20. Qxg6 Bd4+ 21.
Kh1 Qh4 22. Bd2 Rf6 23. Qg5 Qh7 24. f5 Rh6 25. Qg3 Rh5 26. Bf4 Rd8 27. Rae1
Rxf5 28. Ne4 Qh5 29. Ng5 Nc7 30. Ne6 Nxe6 31. dxe6 Be5 32. Bxe5 Rxf1+ 33. Rxf1
Qxe5 34. Qg6 Rc8 35. h3 Rc7 36. Qe8+ Kh7 37. Rf8 Qe1+ 38. Kh2 Qe5+ 39. Kh1
1/2-1/2

[Event "1.Spand. W-Open 2015"]
[Site "Berlin"]
[Date "2015.12.30"]
[Round "7.8"]
[White "Venske, Kai-Gerrit"]
[Black "Tiarks, Jann-Christian"]
[Result "1/2-1/2"]
[WhiteElo "2145"]
[BlackElo "1836"]
[PlyCount "95"]
[EventDate "2015.??.??"]
[WhiteTeam "SC Weisse Dame e.V."]
[BlackTeam "SC Empor Potsdam 1952 e.V."]

1. d4 Nf6 2. Bg5 d5 3. Nc3 Nbd7 4. Nf3 e6 5. e4 dxe4 6. Nxe4 Be7 7. Nxf6+ Nxf6
8. Bd3 c5 9. c3 cxd4 10. Nxd4 O-O 11. Qe2 Qd5 12. f4 Rd8 13. O-O-O Qxa2 14. Bb1
Qa5 15. Qd3 g6 16. h4 e5 17. fxe5 Bf5 18. Nxf5 Rxd3 19. Nxe7+ Kf8 20. Rxd3 Ne4
21. Nd5 Nf2 22. Rhd1 Nxd3+ 23. Rxd3 Rc8 24. Be7+ Kg8 25. Bf6 Kf8 26. h5 Rc5 27.
Be7+ Kg7 28. h6+ Kxh6 29. Bf6 Kh5 30. b4 Qa3+ 31. Kc2 Rc6 32. Rg3 Rxf6 33.
Nxf6+ Kh6 34. Rh3+ Kg5 35. Nxh7+ Kf4 36. Rf3+ Kxe5 37. Rxf7 Qa4+ 38. Kb2 Qc6
39. Rf2 a5 40. Nf6 axb4 41. Ng4+ Kd5 42. cxb4 Qb6 43. Rf4 Qg1 44. Ba2+ Kd6 45.
Rf6+ Kc7 46. Rf2 Qe1 47. Rc2+ Kb8 48. Bb3 1/2-1/2

[Event "1.Spand. W-Open 2015"]
[Site "Berlin"]
[Date "2015.12.30"]
[Round "7.9"]
[White "Odnorozhenko, Kateryna"]
[Black "Nürnberger, Thomas"]
[Result "0-1"]
[WhiteElo "2125"]
[BlackElo "1987"]
[PlyCount "106"]
[EventDate "2015.??.??"]
[WhiteTeam "Ukraine"]
[BlackTeam "TSG Markkleeberg"]
[WhiteTeamCountry "UKR"]

1. d4 c5 2. d5 d6 3. c4 e5 4. dxe6 fxe6 5. Nc3 Nf6 6. Bg5 a6 7. e3 Be7 8. Bd3
Nbd7 9. Nf3 b6 10. Be4 Rb8 11. Bf4 e5 12. Bg3 Nxe4 13. Nxe4 Nf6 14. Nfg5 Bf5
15. Nc3 h6 16. Nf3 Be6 17. Qa4+ Qd7 18. Qxa6 O-O 19. Nd2 b5 20. Rd1 b4 21. Nb5
Ra8 22. Qb6 Ne8 23. Ne4 Bd8 24. Nxc5 Bxb6 25. Nxd7 Bxd7 26. Nxd6 Bg4 27. Rd2
Rxa2 28. O-O Nxd6 29. Rxd6 Bc7 30. Rc6 Bb8 31. Rb6 Rxb2 32. Rxb8 Rxb8 33. Bxe5
Rc2 34. Bxb8 b3 35. f3 b2 36. Be5 Be6 37. c5 Bc4 38. Bxb2 Bxf1 39. Kxf1 Rxb2
40. c6 Rc2 41. h4 g5 42. hxg5 hxg5 43. g4 Kf7 44. c7 Ke6 45. c8=Q+ Rxc8 46. Kf2
Ke5 47. Kg3 Rc3 48. Kf2 Rc2+ 49. Kg3 Re2 50. f4+ Ke4 51. fxg5 Rxe3+ 52. Kh4 Kf4
53. g6 Rg3 0-1

[Event "1.Spand. W-Open 2015"]
[Site "Berlin"]
[Date "2015.12.30"]
[Round "7.10"]
[White "Zschäbitz, Klaus"]
[Black "Scheide, Helmut"]
[Result "0-1"]
[WhiteElo "2061"]
[BlackElo "1948"]
[PlyCount "108"]
[EventDate "2015.??.??"]
[WhiteTeam "BSG 1827 Eckbauer e.V."]
[BlackTeam "USV Potsdam e.V., Abt. Schach"]

1. c4 Nf6 2. g3 c6 3. Bg2 d5 4. Nf3 Nbd7 5. d4 e6 6. Qc2 Be7 7. O-O O-O 8. Rd1
Ne4 9. Nc3 f5 10. Bf4 Ndf6 11. Ne5 Nh5 12. f3 Nxf4 13. gxf4 Nf6 14. c5 Kh8 15.
b4 Nh5 16. e3 Qe8 17. a4 Bd7 18. Rab1 Rg8 19. b5 g5 20. fxg5 Bxg5 21. Qe2 f4
22. e4 Nf6 23. Ng4 Qh5 24. e5 Ne8 25. Qd3 Ng7 26. Kf2 Nf5 27. Rg1 Qh4+ 28. Ke2
Be8 29. Rbf1 Bg6 30. Qd1 h5 31. Nf2 Ne3 32. Qc1 Nxf1 33. Qxf1 Bh6 34. Bh3 Bf7
35. a5 Rxg1 36. Qxg1 Rg8 37. Qa1 Qe7 38. a6 cxb5 39. Nxb5 bxa6 40. Qxa6 Bg5 41.
Nd3 Ra8 42. c6 Be8 43. Nc5 Qh7 44. Na3 Rb8 45. Nb7 Qc7 46. Bxe6 Bxc6 47. Nc5
Rb2+ 48. Kd1 Be7 49. Nd3 Bb5 50. Qxb5 Rxb5 51. Nxb5 Qc4 52. Nxf4 Bg5 53. Nxd5
Qd3+ 54. Ke1 Bh4# 0-1

[Event "1.Spand. W-Open 2015"]
[Site "Berlin"]
[Date "2015.12.30"]
[Round "7.11"]
[White "Kötz, Andreas"]
[Black "Buttkus, Andre"]
[Result "1/2-1/2"]
[WhiteElo "2012"]
[BlackElo "2015"]
[Annotator "Stelti"]
[PlyCount "64"]
[EventDate "2015.??.??"]
[WhiteTeam "SC Zitadelle Spandau 1977 e.V."]
[BlackTeam "SK Tempelhof 1931 e.V."]

1. d4 Nf6 2. c4 e6 3. g3 d5 4. Bg2 c6 5. Nf3 Ne4 6. O-O Be7 7. b3 O-O 8. Ba3
Bxa3 9. Nxa3 Nd7 10. Nc2 Qe7 11. Ne3 b6 12. Qc2 Ba6 13. Ne1 Nef6 14. Nd3 Rac8
15. Qb2 Rfe8 16. Rfe1 dxc4 17. Nxc4 c5 18. Rac1 cxd4 19. Qxd4 Nc5 20. Nde5 Red8
21. Qb2 Bb7 22. Bxb7 Qxb7 23. Red1 Qe7 24. Ne3 Rxd1+ 25. Nxd1 Qb7 26. Ne3 h6
27. N3c4 Rd8 28. Qc2 Qd5 29. Nf3 Nce4 30. Ne3 Qa8 31. Qc6 Qxc6 32. Rxc6 Ne8
1/2-1/2

[Event "1.Spand. W-Open 2015"]
[Site "Berlin"]
[Date "2015.12.30"]
[Round "7.14"]
[White "Baier, Reinhard"]
[Black "Güssow, Pascal"]
[Result "1-0"]
[WhiteElo "1971"]
[BlackElo "1838"]
[PlyCount "41"]
[EventDate "2015.??.??"]
[WhiteTeam "BSG 1827 Eckbauer e.V."]
[BlackTeam "Schachclub Rathenow e.V."]

1. e4 c5 2. Nf3 d6 3. d4 cxd4 4. Nxd4 Nf6 5. f3 a6 6. c4 e5 7. Nb3 Be6 8. Nc3
Nbd7 9. Be3 Rc8 10. Nd5 Be7 11. Be2 O-O 12. O-O Ne8 13. Rc1 Bg5 14. f4 Bxd5 15.
exd5 Bxf4 16. Bxf4 exf4 17. Rxf4 Qb6+ 18. Qd4 Qxd4+ 19. Nxd4 Ne5 20. Rcf1 g6
21. Ne6 1-0

[Event "1.Spand. W-Open 2015"]
[Site "Berlin"]
[Date "2015.12.30"]
[Round "7.15"]
[White "Hartmann, Jakob"]
[Black "Sidabras, Ignas"]
[Result "1/2-1/2"]
[WhiteElo "1932"]
[BlackElo "1732"]
[PlyCount "55"]
[EventDate "2015.??.??"]
[WhiteTeam "SV Königsjäger Süd-West e.V."]
[BlackTeam "Litauen"]
[BlackTeamCountry "LTU"]

1. e4 e6 2. d4 d5 3. Nd2 dxe4 4. Nxe4 Nd7 5. Bd3 Ngf6 6. Nf3 Nxe4 7. Bxe4 Nf6
8. Bg5 Be7 9. Bxf6 gxf6 10. Qe2 c6 11. O-O-O Qa5 12. Kb1 Bd7 13. Rhe1 O-O-O 14.
c3 f5 15. Bc2 Bf6 16. Qd2 Rdg8 17. g3 Rg4 18. Bb3 h5 19. h3 Rg7 20. h4 Rg4 21.
Ka1 Qc7 22. Ne5 Bxe5 23. Rxe5 f4 24. Rg1 f6 25. Rxe6 fxg3 26. Rxf6 gxf2 27.
Qxf2 Qd8 28. Rf4 1/2-1/2